Baños termales de Molinar de Carranza en Vizcaya / (Record no. 166883)

MARC details
000 -LEADER
campo de control de longitud fija 00680nam a2200181 i 4500
001 - NÚMERO DE CONTROL
campo de control 166883
003 - IDENTIFICADOR DE NÚMERO DE CONTROL
campo de control ES-MaACL
005 - FECHA Y HORA DE LA ÚLTIMA TRANSACCIÓN
campo de control 20230906213424.0
008 - DATOS DE LONGITUD FIJA--INFORMACIÓN GENERAL
campo de control de longitud fija 931025s1885 sp |||| | spa d
100 1# - ENTRADA PRINCIPAL--NOMBRE DE PERSONA
Nombre de persona Valentín, Hermógenes.
9 (RLIN) 133503
245 10 - MENCIÓN DEL TÍTULO
Título Baños termales de Molinar de Carranza en Vizcaya /
Mención de responsabilidad, etc. [Hermógenes Valentín].
260 ## - PUBLICACIÓN, DISTRIBUCIÓN, ETC.
Lugar de publicación, distribución, etc. Bilbao :
Nombre del editor, distribuidor, etc. [s.n.],
Fecha de publicación, distribución, etc. 1885 (
Fabricante Imp. de Juan E. Delmas)
300 ## - DESCRIPCIÓN FÍSICA
Extensión 39 [i.e. 37] p. ;
Dimensiones 21 cm.
594 ## - Nota al título y mención de responsabilidad
Nota al título y mención de responsabilidad Autor tomado del final de la obra.
650 #4 - PUNTO DE ACCESO ADICIONAL DE MATERIA--TÉRMINO DE MATERIA
Término de materia o nombre geográfico como elemento de entrada Aguas minerales-
Subdivisión geográfica País Vasco.
9 (RLIN) 172296
650 #4 - PUNTO DE ACCESO ADICIONAL DE MATERIA--TÉRMINO DE MATERIA
Término de materia o nombre geográfico como elemento de entrada Fuentes termales-
Subdivisión geográfica País Vasco.
9 (RLIN) 172342
852 ## - LOCALIZACIÓN
Ubicación ES-MaACL
Número de control de estantería T-401-F-6
Nota libre - Enc. hol.
-- - Enc. en un vol. facticio.
Holdings
Estatus retirado Estado de pérdida Estado de daño No para préstamo Colección Biblioteca de origen Biblioteca actual Ubicación en estantería Fecha de adquisición Total de préstamos Signatura topográfica completa Código de barras Visto por última vez Precio de reemplazo Tipo de ítem Koha
        Colección de folletos Biblioteca del Ateneo de Madrid Biblioteca del Ateneo de Madrid Depósito folletos 17/01/2008   T-401-F-6 1175053 23/02/2023 23/02/2023 Folleto